[Event "9th RTU Open 2019"]
[Site "Riga"]
[Date "2019.08.11"]
[Round "9.6"]
[White "Dastan, Muhammed Batuhan"]
[Black "Gukesh D"]
[Result "1/2-1/2"]
[WhiteElo "2565"]
[BlackElo "2520"]
[Annotator "ChessBase"]
[PlyCount "90"]
[EventDate "2019.08.05"]
[EventType "swiss"]
[EventCountry "LAT"]
[SourceTitle "playchess.com"]
[Source "ChessBase"]
[SourceQuality "1"]
[TimeControl "5400+30"]

1. Nf3 {[%emt 0:00:00]} d5 {[%emt 0:01:37]} 2. g3 {[%emt 0:03:28]} g6 {[%emt 0:05:58]} 3. Bg2 {[%emt 0:03:44]} Bg7 {[%emt 0:00:09]} 4. d4 {[%emt 0:01:04]} Nf6 {[%emt 0:00:28]} 5. c4 {[%emt 0:00:20]} c6 {[%emt 0:01:59]} 6. Qb3 {[%emt 0:01:15]} O-O {[%emt 0:01:26]} 7. O-O {[%emt 0:00:12]} dxc4 {[%emt 0:12:11]} 8. Qxc4 {[%emt 0:00:42]} Bf5 {[%emt 0:00:16]} 9. Nc3 {[%emt 0:00:51]} Nbd7 {[%emt 0:00:16]} 10. Re1 {[%emt 0:00:47]} Ne4 {[%emt 0:03:33]} 11. Nh4 {[%emt 0:04:59]} Be6 {[%emt 0:03:12]} 12. Qb4 {[%emt 0:09:46]} Nd6 {[%emt 0:10:53]} 13. Nf3 {[%emt 0:16:47]} b5 {[%emt 0:03:37]} 14. Ng5 {[%emt 0:06:27]} Bc4 {[%emt 0:03:36]} 15. Nce4 {[%emt 0:01:00]} Nf5 {[%emt 0:08:53]} 16. Nf3 {[%emt 0:07:36]} a5 {[%emt 0:12:21]} 17. Qd2 {[%emt 0:03:29]} e5 {[%emt 0:00:38]} 18. dxe5 {[%emt 0:05:41]} Nxe5 {[%emt 0:00:14]} 19. Nxe5 {[%emt 0:00:20]} Bxe5 {[%emt 0:00:09]} 20. e3 {[%emt 0:01:26]} Qe7 {[%emt 0:03:33]} 21. Qc2 {[%emt 0:01:12]} Rfd8 {[%emt 0:02:30]} 22. Bf1 {[%emt 0:05:17]} Bxf1 {[%emt 0:08:04]} 23. Rxf1 {[%emt 0:04:04]} Rac8 {[%emt 0:02:55]} 24. a4 {[%emt 0:00:51]} Nd6 {[%emt 0:01:51]} 25. Nxd6 {[%emt 0:02:25]} Qxd6 {[%emt 0:00:13]} 26. e4 {[%emt 0:07:00]} Qb4 {[%emt 0:05:08]} 27. f4 {[%emt 0:00:17]} Bd4+ {[%emt 0:00:55]} 28. Kg2 {[%emt 0:02:13]} Bb6 {[%emt 0:02:37]} 29. Ra3 {[%emt 0:01:51]} Rd4 {[%emt 0:01:03]} 30. e5 {[%emt 0:03:13]} Rc4 {[%emt 0:02:07]} 31. Qe2 {[%emt 0:01:00]} Qc5 {[%emt 0:00:26]} 32. Be3 {[%emt 0:01:09]} Qd5+ {[%emt 0:00:56]} 33. Kh3 {[%emt 0:02:20]} Re4 {[%emt 0:01:09]} 34. Qg4 {[%emt 0:00:29]} Rb8 {[%emt 0:01:17]} 35. Bxb6 {[%emt 0:02:31]} Rxb6 {[%emt 0:00:05]} 36. Rd1 {[%emt 0:00:18]} Rd4 {[%emt 0:00:53]} 37. Rxd4 {[%emt 0:00:12]} Qxd4 {[%emt 0:00:02]} 38. axb5 {[%emt 0:00:24]} Rxb5 {[%emt 0:00:46]} 39. Qc8+ {[%emt 0:01:42]} Kg7 {[%emt 0:00:00]} 40. Qxc6 {[%emt 0:00:05]} Rxb2 {[%emt 0:01:09]} 41. Qf6+ {[%emt 0:00:02]} Kg8 {[%emt 0:00:27]} 42. Rxa5 {[%emt 0:00:05]} Qe4 {[%emt 0:00:53]} 43. Qd8+ {[%emt 0:01:02]} Kg7 {[%emt 0:00:01]} 44. Qf6+ {[%emt 0:00:05]} Kg8 {[%emt 0:00:13]} 45. Qd8+ {[%emt 0:00:41]} Kg7 {[%emt 0:00:04]} 1/2-1/2

[Event "9th RTU Open 2019"]
[Site "Riga"]
[Date "2019.08.11"]
[Round "9.7"]
[White "Lalith Babu M R"]
[Black "Vishnu Prasanna. V"]
[Result "0-1"]
[WhiteElo "2580"]
[BlackElo "2505"]
[Annotator "ChessBase"]
[PlyCount "94"]
[EventDate "2019.08.05"]
[EventType "swiss"]
[EventCountry "LAT"]
[SourceTitle "playchess.com"]
[Source "ChessBase"]
[SourceQuality "1"]
[TimeControl "5400+30"]

1. Nf3 {[%emt 0:00:00]} c5 {[%emt 0:00:42]} 2. c4 {[%emt 0:00:00]} Nc6 {[%emt 0:01:17]} 3. Nc3 {[%emt 0:00:00]} g6 {[%emt 0:03:12]} 4. e3 {[%emt 0:00:00]} Nf6 {[%emt 0:00:07]} 5. d4 {[%emt 0:02:41]} cxd4 {[%emt 0:00:06]} 6. exd4 {[%emt 0:00:03]} d5 {[%emt 0:00:08]} 7. cxd5 {[%emt 0:00:20]} Nxd5 {[%emt 0:00:06]} 8. Qb3 {[%emt 0:01:01]} Nxc3 {[%emt 0:00:37]} 9. Bc4 {[%emt 0:01:00]} e6 {[%emt 0:00:13]} 10. bxc3 {[%emt 0:01:24]} Bg7 {[%emt 0:00:30]} 11. Ba3 {[%emt 0:01:41]} Bf8 {[%emt 0:00:11]} 12. Bb5 {[%emt 0:05:39]} Bd7 {[%emt 0:12:25]} 13. O-O {[%emt 0:03:56]} Bxa3 {[%emt 0:09:39]} 14. Qxa3 {[%emt 0:00:25]} Qe7 {[%emt 0:08:34]} 15. Qc1 {[%emt 0:00:42]} O-O {[%emt 0:02:36]} 16. Qh6 {[%emt 0:01:17]} Rad8 {[%emt 0:03:19]} 17. Rfe1 {[%emt 0:01:03]} f6 {[%emt 0:04:01]} 18. Rab1 {[%emt 0:10:52]} Qf7 {[%emt 0:07:03]} 19. Nd2 {[%emt 0:03:20]} Ne7 {[%emt 0:02:09]} 20. Ne4 {[%emt 0:05:22]} Nf5 {[%emt 0:05:56]} 21. Qf4 {[%emt 0:00:35]} Bxb5 {[%emt 0:11:39]} 22. Rxb5 {[%emt 0:00:25]} Rd5 {[%emt 0:01:01]} 23. Rb2 {[%emt 0:04:23]} b6 {[%emt 0:01:17]} 24. Rbe2 {[%emt 0:02:51]} Qe7 {[%emt 0:09:26]} 25. Qf3 {[%emt 0:04:08]} Qd8 {[%emt 0:01:08]} 26. Ng3 {[%emt 0:05:31]} Ng7 {[%emt 0:01:45]} 27. Nf1 {[%emt 0:00:17]} b5 {[%emt 0:04:00]} 28. Ne3 {[%emt 0:06:14]} Rd6 {[%emt 0:00:07]} 29. Rb1 {[%emt 0:03:48]} Qc7 {[%emt 0:03:43]} 30. Nf1 {[%emt 0:03:27]} Qc6 {[%emt 0:00:46]} 31. Qd3 {[%emt 0:01:22]} a6 {[%emt 0:01:54]} 32. Ng3 {[%emt 0:03:25]} e5 {[%emt 0:01:03]} 33. Qe3 {[%emt 0:00:51]} exd4 {[%emt 0:00:34]} 34. cxd4 {[%emt 0:00:04]} Re8 {[%emt 0:02:19]} 35. Qb3+ {[%emt 0:00:45]} Qc4 {[%emt 0:01:25]} 36. Rxe8+ {[%emt 0:00:05]} Nxe8 {[%emt 0:00:03]} 37. Qe3 {[%emt 0:00:15]} Re6 {[%emt 0:00:31]} 38. Qd2 {[%emt 0:00:14]} Nd6 {[%emt 0:01:04]} 39. Rc1 {[%emt 0:00:31]} Qd5 {[%emt 0:00:04]} 40. Rc7 {[%emt 0:00:10]} Nf7 {[%emt 0:02:07]} 41. Rc5 {[%emt 0:01:55]} Qd7 {[%emt 0:00:35]} 42. d5 {[%emt 0:01:10]} Re8 {[%emt 0:00:16]} 43. h3 {[%emt 0:00:12]} f5 {[%emt 0:00:12]} 44. h4 {[%emt 0:03:03]} Qe7 {[%emt 0:00:11]} 45. Qd4 {[%emt 0:02:42]} Qe5 {[%emt 0:01:06]} 46. Qd3 {[%emt 0:01:19]} Qa1+ {[%emt 0:00:27]} 47. Kh2 {[%emt 0:00:10]} Ne5 {[%emt 0:00:18]} 0-1

[Event "9th RTU Open 2019"]
[Site "Riga"]
[Date "2019.08.11"]
[Round "9.8"]
[White "Zanan, Evgeny"]
[Black "Michalik, Peter"]
[Result "1/2-1/2"]
[WhiteElo "2505"]
[BlackElo "2573"]
[Annotator "ChessBase"]
[PlyCount "57"]
[EventDate "2019.08.05"]
[EventType "swiss"]
[EventCountry "LAT"]
[SourceTitle "playchess.com"]
[Source "ChessBase"]
[SourceQuality "1"]
[TimeControl "5400+30"]

1. d4 {[%emt 0:01:36]} d5 {[%emt 0:00:48]} 2. Nf3 {[%emt 0:01:03]} Nf6 {[%emt 0:00:09]} 3. Bf4 {[%emt 0:00:13]} e6 {[%emt 0:01:50]} 4. e3 {[%emt 0:00:07]} c5 {[%emt 0:00:36]} 5. Nbd2 {[%emt 0:13:51]} Bd6 {[%emt 0:00:52]} 6. Bg3 {[%emt 0:00:20]} O-O {[%emt 0:00:49]} 7. c3 {[%emt 0:00:17]} Qc7 {[%emt 0:01:14]} 8. dxc5 {[%emt 0:06:02]} Qxc5 {[%emt 0:01:05]} 9. Bd3 {[%emt 0:00:06]} Nbd7 {[%emt 0:02:58]} 10. e4 {[%emt 0:02:59]} Bxg3 {[%emt 0:21:51]} 11. hxg3 {[%emt 0:00:10]} dxe4 {[%emt 0:00:04]} 12. Bxe4 {[%emt 0:05:24]} Rd8 {[%emt 0:10:36]} 13. Qe2 {[%emt 0:03:41]} Nf8 {[%emt 0:09:04]} 14. Nb3 {[%emt 0:14:57]} Qb6 {[%emt 0:02:10]} 15. O-O {[%emt 0:06:00]} Nxe4 {[%emt 0:02:23]} 16. Qxe4 {[%emt 0:01:12]} Bd7 {[%emt 0:00:05]} 17. Ne5 {[%emt 0:01:53]} Be8 {[%emt 0:04:56]} 18. Rfd1 {[%emt 0:00:35]} f6 {[%emt 0:00:31]} 19. Nc4 {[%emt 0:00:15]} Qc7 {[%emt 0:00:19]} 20. Ne3 {[%emt 0:00:23]} Bg6 {[%emt 0:06:57]} 21. Qb4 {[%emt 0:02:17]} Bf7 {[%emt 0:01:17]} 22. Na5 {[%emt 0:05:19]} b6 {[%emt 0:04:11]} 23. Nac4 {[%emt 0:00:59]} Rd7 {[%emt 0:03:22]} 24. Rxd7 {[%emt 0:01:54]} Nxd7 {[%emt 0:00:04]} 25. Rd1 {[%emt 0:00:57]} Nc5 {[%emt 0:00:11]} 26. Nd6 {[%emt 0:07:57]} Rd8 {[%emt 0:00:19]} 27. Nxf7 {[%emt 0:00:13]} Rxd1+ {[%emt 0:00:11]} 28. Nxd1 {[%emt 0:00:05]} Kxf7 {[%emt 0:00:24]} 29. Qd4 {[%emt 0:01:27]} 1/2-1/2

[Event "9th RTU Open 2019"]
[Site "Riga"]
[Date "2019.08.11"]
[Round "9.9"]
[White "Wagner, Dennis"]
[Black "Grigorov, Grigor"]
[Result "1/2-1/2"]
[WhiteElo "2579"]
[BlackElo "2501"]
[Annotator "ChessBase"]
[PlyCount "90"]
[EventDate "2019.08.05"]
[EventType "swiss"]
[EventCountry "LAT"]
[SourceTitle "playchess.com"]
[Source "ChessBase"]
[SourceQuality "1"]
[TimeControl "5400+30"]

1. d4 {[%emt 0:00:00]} Nf6 {[%emt 0:00:00]} 2. c4 {[%emt 0:00:00]} e6 {[%emt 0:00:00]} 3. g3 {[%emt 0:00:00]} d5 {[%emt 0:00:00]} 4. Bg2 {[%emt 0:00:00]} dxc4 {[%emt 0:00:11]} 5. Nf3 {[%emt 0:00:00]} Bd7 {[%emt 0:00:16]} 6. Nbd2 {[%emt 0:00:35]} c5 {[%emt 0:03:21]} 7. Nxc4 {[%emt 0:05:53]} Bc6 {[%emt 0:00:42]} 8. O-O {[%emt 0:00:50]} cxd4 {[%emt 0:14:17]} 9. Qxd4 {[%emt 0:00:23]} Qxd4 {[%emt 0:08:25]} 10. Nxd4 {[%emt 0:00:03]} Bxg2 {[%emt 0:00:07]} 11. Kxg2 {[%emt 0:00:06]} Nc6 {[%emt 0:18:31]} 12. Nxc6 {[%emt 0:07:39]} bxc6 {[%emt 0:00:05]} 13. Bd2 {[%emt 0:18:00]} Nd7 {[%emt 0:02:12]} 14. Rac1 {[%emt 0:01:16]} c5 {[%emt 0:01:06]} 15. Bf4 {[%emt 0:08:42]} Be7 {[%emt 0:09:19]} 16. Nd6+ {[%emt 0:07:23]} Bxd6 {[%emt 0:01:46]} 17. Bxd6 {[%emt 0:00:02]} Rc8 {[%emt 0:00:09]} 18. Rc4 {[%emt 0:11:22]} Rc6 {[%emt 0:00:25]} 19. Rd1 {[%emt 0:00:05]} f6 {[%emt 0:00:23]} 20. b4 {[%emt 0:01:30]} Kf7 {[%emt 0:00:14]} 21. Bxc5 {[%emt 0:15:57]} Nxc5 {[%emt 0:00:09]} 22. Rxc5 {[%emt 0:00:05]} Rxc5 {[%emt 0:00:16]} 23. bxc5 {[%emt 0:00:04]} Rc8 {[%emt 0:00:28]} 24. Rd7+ {[%emt 0:00:27]} Kg6 {[%emt 0:00:08]} 25. Rxa7 {[%emt 0:00:05]} Rxc5 {[%emt 0:00:05]} 26. g4 {[%emt 0:05:54]} h5 {[%emt 0:02:41]} 27. h3 {[%emt 0:00:21]} hxg4 {[%emt 0:00:25]} 28. hxg4 {[%emt 0:00:03]} Rc2 {[%emt 0:01:46]} 29. Kf3 {[%emt 0:03:40]} e5 {[%emt 0:02:07]} 30. a4 {[%emt 0:00:51]} Ra2 {[%emt 0:02:48]} 31. a5 {[%emt 0:00:29]} Kh6 {[%emt 0:02:00]} 32. a6 {[%emt 0:00:15]} g6 {[%emt 0:00:37]} 33. Ra8 {[%emt 0:02:21]} Kg5 {[%emt 0:00:18]} 34. e3 {[%emt 0:06:40]} Ra1 {[%emt 0:03:30]} 35. Kg3 {[%emt 0:05:43]} Rg1+ {[%emt 0:00:21]} 36. Kf3 {[%emt 0:00:34]} Rxg4 {[%emt 0:01:36]} 37. e4 {[%emt 0:00:25]} Rg1 {[%emt 0:00:11]} 38. Rc8 {[%emt 0:00:35]} Ra1 {[%emt 0:00:07]} 39. Rc6 {[%emt 0:00:02]} Ra3+ {[%emt 0:00:21]} 40. Ke2 {[%emt 0:00:10]} f5 {[%emt 0:00:12]} 41. exf5 {[%emt 0:00:45]} gxf5 {[%emt 0:00:05]} 42. Kf1 {[%emt 0:01:03]} Kf4 {[%emt 0:00:23]} 43. Rh6 {[%emt 0:00:27]} e4 {[%emt 0:00:18]} 44. Kg2 {[%emt 0:00:07]} Ra2 {[%emt 0:00:10]} 45. Re6 {[%emt 0:00:44]} e3 {[%emt 0:01:24]} 1/2-1/2

[Event "9th RTU Open 2019"]
[Site "Riga"]
[Date "2019.08.11"]
[Round "9.10"]
[White "Jurcik, Marian"]
[Black "Abasov, Nijat"]
[Result "1/2-1/2"]
[WhiteElo "2501"]
[BlackElo "2641"]
[Annotator "TA"]
[PlyCount "29"]
[EventDate "2019.08.05"]
[EventType "swiss"]
[EventCountry "LAT"]
[SourceTitle "playchess.com"]
[Source "ChessBase"]
[SourceQuality "1"]

{[%evp 13,29,10,47,33,54,40,57,64,61,46,50,0,0,-11,18,31,45,47]} 1. e4 c5 2. Nf3 Nc6 3. d4 cxd4 4. Nxd4 Nf6 5. Nc3 d6 6. Bg5 e6 7. Qd3 a6 8. Nxc6 {B62: Sicilian: Richter-Rauzer: 6...e6: Unusual White 7th moves} bxc6 9. O-O-O Qa5 10. Qg3 Nh5 $146 ({Predecessor:} 10... Rb8 11. Bc4 h6 12. Be3 Nd7 13. Bb3 c5 14. Bf4 e5 15. Bd2 Qc7 {1-0 (23) Paravyan,D (2627)-Stocek,J (2592) Prague 2019}) 11. Qg4 Nf6 12. Qh4 (12. Bxf6 $5 gxf6 13. Be2 $11) 12... Be7 13. Bc4 Rb8 14. Bb3 h6 15. Bd2 $1 1/2-1/2

[Event "9th RTU Open 2019"]
[Site "Riga"]
[Date "2019.08.11"]
[Round "9.11"]
[White "Smirin, Ilia"]
[Black "Usmanov, Vasily"]
[Result "1-0"]
[WhiteElo "2594"]
[BlackElo "2443"]
[Annotator "ChessBase"]
[PlyCount "63"]
[EventDate "2019.08.05"]
[EventType "swiss"]
[EventCountry "LAT"]
[SourceTitle "playchess.com"]
[Source "ChessBase"]
[SourceQuality "1"]
[TimeControl "5400+30"]

1. e4 {[%emt 0:10:02]} e5 {[%emt 0:00:00]} 2. Nf3 {[%emt 0:00:15]} Nf6 {[%emt 0:00:00]} 3. d4 {[%emt 0:00:34]} Nxe4 {[%emt 0:00:00]} 4. dxe5 {[%emt 0:00:03]} d5 {[%emt 0:00:07]} 5. Nbd2 {[%emt 0:00:09]} Qd7 {[%emt 0:00:07]} 6. c3 {[%emt 0:05:52]} Nc6 {[%emt 0:00:26]} 7. Bd3 {[%emt 0:01:01]} Nc5 {[%emt 0:05:56]} 8. Bb1 {[%emt 0:03:42]} Qg4 {[%emt 0:22:14]} 9. O-O {[%emt 0:07:23]} Be6 {[%emt 0:00:55]} 10. Nb3 {[%emt 0:14:56]} Nd7 {[%emt 0:19:56]} 11. h3 {[%emt 0:07:52]} Qh5 {[%emt 0:00:03]} 12. Bf4 {[%emt 0:00:12]} Be7 {[%emt 0:08:05]} 13. Re1 {[%emt 0:01:18]} O-O {[%emt 0:07:59]} 14. Re3 {[%emt 0:07:31]} Rae8 {[%emt 0:07:07]} 15. Nbd4 {[%emt 0:10:54]} Nxd4 {[%emt 0:02:12]} 16. cxd4 {[%emt 0:00:56]} c5 {[%emt 0:01:46]} 17. Qd2 {[%emt 0:05:07]} cxd4 {[%emt 0:03:11]} 18. Nxd4 {[%emt 0:00:49]} Bg5 {[%emt 0:00:01]} 19. Bxg5 {[%emt 0:02:27]} Qxg5 {[%emt 0:00:03]} 20. Nf3 {[%emt 0:00:13]} Qf4 {[%emt 0:03:16]} 21. Bc2 {[%emt 0:00:39]} f6 {[%emt 0:02:25]} 22. exf6 {[%emt 0:00:51]} Nxf6 {[%emt 0:00:36]} 23. Rae1 {[%emt 0:00:52]} Qd6 {[%emt 0:01:59]} 24. Qd4 {[%emt 0:02:39]} b6 {[%emt 0:01:58]} 25. Ne5 {[%emt 0:02:59]} Qc5 {[%emt 0:00:04]} 26. Qd1 {[%emt 0:01:44]} Ne4 {[%emt 0:05:58]} 27. f3 {[%emt 0:00:30]} Nd6 {[%emt 0:00:43]} 28. Kh1 {[%emt 0:01:17]} Bf5 {[%emt 0:00:32]} 29. Bb3 {[%emt 0:00:42]} Nc4 {[%emt 0:03:10]} 30. Nxc4 {[%emt 0:00:27]} dxc4 {[%emt 0:00:25]} 31. Rxe8 {[%emt 0:00:15]} cxb3 {[%emt 0:00:09]} 32. Qxb3+ {[%emt 0:00:10]} 1-0

[Event "9th RTU Open 2019"]
[Site "Riga"]
[Date "2019.08.11"]
[Round "9.12"]
[White "Theodorou, Nikolas"]
[Black "Haria, Ravi"]
[Result "1/2-1/2"]
[WhiteElo "2543"]
[BlackElo "2430"]
[Annotator "ChessBase"]
[PlyCount "67"]
[EventDate "2019.08.05"]
[EventType "swiss"]
[EventCountry "LAT"]
[SourceTitle "playchess.com"]
[Source "ChessBase"]
[SourceQuality "1"]
[TimeControl "5400+30"]

1. d4 {[%emt 0:07:39]} e6 {[%emt 0:00:00]} 2. c4 {[%emt 0:00:20]} d5 {[%emt 0:00:01]} 3. Nf3 {[%emt 0:00:06]} Nf6 {[%emt 0:00:09]} 4. g3 {[%emt 0:00:04]} Bb4+ {[%emt 0:00:28]} 5. Bd2 {[%emt 0:00:22]} Bd6 {[%emt 0:00:30]} 6. Bg2 {[%emt 0:00:07]} c6 {[%emt 0:01:16]} 7. O-O {[%emt 0:00:12]} O-O {[%emt 0:00:34]} 8. Bc3 {[%emt 0:00:08]} dxc4 {[%emt 0:03:31]} 9. a4 {[%emt 0:00:28]} b6 {[%emt 0:04:11]} 10. Nbd2 {[%emt 0:24:23]} Ba6 {[%emt 0:08:14]} 11. e4 {[%emt 0:00:10]} Be7 {[%emt 0:00:58]} 12. Re1 {[%emt 0:01:40]} Nbd7 {[%emt 0:07:26]} 13. Bf1 {[%emt 0:14:16]} c5 {[%emt 0:03:01]} 14. Bxc4 {[%emt 0:00:05]} Bxc4 {[%emt 0:01:31]} 15. Nxc4 {[%emt 0:00:06]} cxd4 {[%emt 0:00:42]} 16. Bxd4 {[%emt 0:10:13]} Nc5 {[%emt 0:11:05]} 17. Bxf6 {[%emt 0:04:15]} Qxd1 {[%emt 0:04:06]} 18. Rexd1 {[%emt 0:03:24]} gxf6 {[%emt 0:00:55]} 19. e5 {[%emt 0:03:20]} Rfd8 {[%emt 0:13:04]} 20. Kg2 {[%emt 0:01:11]} Rac8 {[%emt 0:02:21]} 21. Rxd8+ {[%emt 0:05:16]} Rxd8 {[%emt 0:00:35]} 22. b4 {[%emt 0:00:38]} Nd3 {[%emt 0:05:41]} 23. b5 {[%emt 0:03:24]} fxe5 {[%emt 0:02:06]} 24. Ncxe5 {[%emt 0:00:49]} Nxe5 {[%emt 0:00:31]} 25. Nxe5 {[%emt 0:00:04]} Rd2 {[%emt 0:00:12]} 26. Nc6 {[%emt 0:02:10]} Bc5 {[%emt 0:00:52]} 27. Nxa7 {[%emt 0:00:18]} Rxf2+ {[%emt 0:01:32]} 28. Kh3 {[%emt 0:00:39]} Rc2 {[%emt 0:05:06]} 29. Nc6 {[%emt 0:00:56]} Rc4 {[%emt 0:05:50]} 30. Ra2 {[%emt 0:01:51]} Kg7 {[%emt 0:01:03]} 31. Ne5 {[%emt 0:02:30]} Rd4 {[%emt 0:00:35]} 32. Nc6 {[%emt 0:00:07]} Rc4 {[%emt 0:00:13]} 33. Ne5 {[%emt 0:01:27]} Rd4 {[%emt 0:00:21]} 34. Nc6 {[%emt 0:00:55]} 1/2-1/2

[Event "9th RTU Open 2019"]
[Site "Riga"]
[Date "2019.08.11"]
[Round "9.13"]
[White "Meshkovs, Nikita"]
[Black "Vogel, Roven"]
[Result "1-0"]
[WhiteElo "2550"]
[BlackElo "2456"]
[Annotator "TA"]
[PlyCount "51"]
[EventDate "2019.08.05"]
[EventType "swiss"]
[EventCountry "LAT"]
[SourceTitle "playchess.com"]
[Source "ChessBase"]
[SourceQuality "1"]

{[%evp 12,137,19,30,45,39,37,27,29,10,27,19,33,0,5,0,0,-3,0,5,6,0,9,0,0,0,0,0,0,0,0,0,0,0,0,0,0,8,3,0,0,-27,-23,-24,-23,-41,-26,-24,-21,-10,0,-24,-27,-26,-24,-22,-21,-21,-21,-69,-62,-54,-55,-72,-61,-90,-33,-118,-104,-96,-91,-92,-33,-33,-33,-33,-25,-56,-40,-59,-59,-48,-14,-14,-14,-14,-15,-15,-15,-15,0,0,0,0,0,0,0,0,0,0,0,0,0,0,0,0,0,0,7164,5860,29966,29968,29977,29978,29978,29979,29978,29979,29979,29978,29982,29977,29987,29988,29988,29989,29989,29990]} 1. Nf3 d5 2. d4 Nf6 3. c4 c6 4. Nc3 e6 5. e3 Nbd7 6. Qc2 a6 7. b3 b6 {D45: Semi-Slav: 5 e3} (7... Bd6 8. Bb2 b6 9. Bd3 Bb7 10. O-O O-O 11. e4 dxe4 12. Nxe4 Nxe4 13. Bxe4 Nf6 14. Bd3 h6 15. Rad1 Qe7 {1-0 (35) Ivanchuk,V (2726)-Korobov,A (2652) Huaian 2017}) 8. Bb2 Bb7 9. Rd1 Be7 {White has an edge.} 10. Be2 O-O 11. O-O Qc7 12. e4 (12. Ne5 {looks sharper.} Rfd8 13. Bd3 g6 14. f4 c5 15. cxd5 Bxd5 16. Nxd5 Nxd5 17. Qe2) 12... dxe4 13. Nxe4 c5 14. Nxf6+ Nxf6 $146 ({Predecessor:} 14... Bxf6 15. dxc5 bxc5 {0-1 (81) Akesson,R (2465)-Pohjala,H (2346) Vasteras 2013}) 15. dxc5 Qxc5 16. Ne5 Bd6 17. Qc3 Ne4 18. Qd4 Rad8 19. Bf3 Qxd4 20. Bxd4 Bc7 21. Rfe1 f6 22. Ng4 $1 h5 23. Ne3 h4 24. Nc2 f5 25. Be3 Kf7 26. Bxe4 {Played: Be3-g5} 1-0

[Event "9th RTU Open 2019"]
[Site "Riga"]
[Date "2019.08.11"]
[Round "9.14"]
[White "Korchmar, Vasiliy"]
[Black "Deepan Chakkravarthy J."]
[Result "0-1"]
[WhiteElo "2424"]
[BlackElo "2532"]
[Annotator "ChessBase"]
[PlyCount "98"]
[EventDate "2019.08.05"]
[EventType "swiss"]
[EventCountry "LAT"]
[SourceTitle "playchess.com"]
[Source "ChessBase"]
[SourceQuality "1"]
[TimeControl "5400+30"]

1. d4 {[%emt 0:00:00]} Nf6 {[%emt 0:00:52]} 2. c4 {[%emt 0:00:00]} g6 {[%emt 0:00:02]} 3. Nc3 {[%emt 0:00:00]} d5 {[%emt 0:00:04]} 4. Bg5 {[%emt 0:00:13]} Ne4 {[%emt 0:00:11]} 5. Bh4 {[%emt 0:00:05]} Nxc3 {[%emt 0:00:03]} 6. bxc3 {[%emt 0:00:07]} dxc4 {[%emt 0:00:03]} 7. e3 {[%emt 0:00:06]} Be6 {[%emt 0:00:06]} 8. Nf3 {[%emt 0:00:26]} Nd7 {[%emt 0:00:06]} 9. d5 {[%emt 0:00:10]} Bg4 {[%emt 0:09:53]} 10. Qd4 {[%emt 0:00:25]} Bxf3 {[%emt 0:00:04]} 11. gxf3 {[%emt 0:18:23]} Nf6 {[%emt 0:00:28]} 12. Bxc4 {[%emt 0:08:44]} Bg7 {[%emt 0:00:05]} 13. Bb5+ {[%emt 0:04:23]} Kf8 {[%emt 0:00:06]} 14. Rd1 {[%emt 0:00:39]} Nd7 {[%emt 0:06:42]} 15. Qd2 {[%emt 0:01:10]} Bf6 {[%emt 0:09:11]} 16. Bg3 {[%emt 0:00:10]} h5 {[%emt 0:00:25]} 17. h4 {[%emt 0:03:36]} Nc5 {[%emt 0:22:18]} 18. Qc2 {[%emt 0:12:53]} c6 {[%emt 0:05:54]} 19. dxc6 {[%emt 0:01:14]} Qb6 {[%emt 0:00:14]} 20. cxb7 {[%emt 0:01:34]} Qxb7 {[%emt 0:00:13]} 21. Be2 {[%emt 0:00:29]} Kg7 {[%emt 0:02:24]} 22. O-O {[%emt 0:02:20]} Rac8 {[%emt 0:00:15]} 23. Kg2 {[%emt 0:07:11]} e5 {[%emt 0:09:17]} 24. Rb1 {[%emt 0:05:51]} Qe7 {[%emt 0:00:32]} 25. Rb4 {[%emt 0:00:23]} a5 {[%emt 0:00:58]} 26. Rc4 {[%emt 0:00:51]} Nb7 {[%emt 0:10:33]} 27. Qa4 {[%emt 0:01:26]} Nd6 {[%emt 0:01:01]} 28. Rxc8 {[%emt 0:00:49]} Rxc8 {[%emt 0:00:04]} 29. Qxa5 {[%emt 0:02:12]} Nf5 {[%emt 0:00:43]} 30. e4 {[%emt 0:09:36]} Nxh4+ {[%emt 0:01:41]} 31. Kh2 {[%emt 0:00:02]} Rb8 {[%emt 0:00:22]} 32. a4 {[%emt 0:04:48]} Rb2 {[%emt 0:00:34]} 33. Bxh4 {[%emt 0:06:24]} Bxh4 {[%emt 0:04:12]} 34. Qa6 {[%emt 0:00:05]} Qg5 {[%emt 0:08:46]} 35. Qd3 {[%emt 0:02:26]} Ra2 {[%emt 0:03:18]} 36. Qd1 {[%emt 0:04:30]} Rd2 {[%emt 0:02:03]} 37. Qe1 {[%emt 0:00:04]} Qf4+ {[%emt 0:00:06]} 38. Kh3 {[%emt 0:01:17]} Bd8 {[%emt 0:00:28]} 39. Bd1 {[%emt 0:02:29]} Bb6 {[%emt 0:01:08]} 40. c4 {[%emt 0:00:07]} Ra2 {[%emt 0:03:48]} 41. Kg2 {[%emt 0:02:19]} g5 {[%emt 0:00:29]} 42. Qb4 {[%emt 0:00:25]} Bd4 {[%emt 0:00:16]} 43. Qe1 {[%emt 0:00:36]} g4 {[%emt 0:00:21]} 44. fxg4 {[%emt 0:00:28]} hxg4 {[%emt 0:01:00]} 45. a5 {[%emt 0:00:26]} g3 {[%emt 0:00:09]} 46. Bf3 {[%emt 0:00:11]} gxf2 {[%emt 0:00:36]} 47. Qb4 {[%emt 0:00:42]} Rb2 {[%emt 0:00:31]} 48. Qa4 {[%emt 0:00:17]} Qg5+ {[%emt 0:00:11]} 49. Kh3 {[%emt 0:00:08]} Rb8 {[%emt 0:00:06]} 0-1